|
|
|
|
| LEADER |
01059pam a22002898a 4500 |
| 001 |
00032140 |
| 005 |
20171026081025.0 |
| 008 |
140505s2012 ||||||viesd |
| 020 |
|
|
|c 83000
|
| 041 |
0 |
# |
|a vie
|
| 082 |
1 |
4 |
|a 327
|b QU105H
|
| 100 |
1 |
# |
|a Đỗ, Thanh bình
|e Đồng chủ biên
|
| 245 |
1 |
0 |
|a Quan hệ quốc tế thời hiện đại
|c Đỗ Thanh Bình, Văn Ngọc Thanh (đồng chủ biên)
|b những vấn đề mới đặt ra
|
| 260 |
# |
# |
|a Hà Nội
|b Chính trị quốc gia
|c 2012
|
| 300 |
# |
# |
|a 527 tr.
|c 21 cm.
|
| 653 |
# |
# |
|a Ngoại giao
|
| 653 |
# |
# |
|a Quan hệ quốc tế
|
| 653 |
# |
# |
|a Vấn đề mới
|
| 653 |
# |
# |
|a Thời hiện đại
|
| 700 |
1 |
# |
|a Văn, Ngọc Thành
|e Đồng chủ biên
|
| 852 |
# |
# |
|b Kho mượn
|j KM.0016836, KM.0016835
|
| 852 |
# |
# |
|b Kho đọc
|j KD.0015791
|
| 852 |
# |
# |
|j KM.0016835
|j KD.0015791
|j KM.0016836
|
| 910 |
|
|
|d 5\5\2014
|
| 980 |
# |
# |
|a Trung tâm Học liệu Lê Vũ Hùng, Trường Đại học Đồng Tháp
|